<?xml version="1.0" encoding="UTF-8"?>
<record
    xmlns:xsi="http://www.w3.org/2001/XMLSchema-instance"
    xsi:schemaLocation="http://www.loc.gov/MARC21/slim http://www.loc.gov/standards/marcxml/schema/MARC21slim.xsd"
    xmlns="http://www.loc.gov/MARC21/slim">

  <leader>00826nam a22002177a 4500</leader>
  <datafield tag="999" ind1=" " ind2=" ">
    <subfield code="c">61669</subfield>
    <subfield code="d">61669</subfield>
  </datafield>
  <controlfield tag="005">20240415173213.0</controlfield>
  <controlfield tag="008">240415s2008    enk||||| |||| 00| 0 eng d</controlfield>
  <datafield tag="020" ind1=" " ind2=" ">
    <subfield code="a">9781416029991x</subfield>
  </datafield>
  <datafield tag="041" ind1=" " ind2=" ">
    <subfield code="a">end</subfield>
  </datafield>
  <datafield tag="080" ind1=" " ind2=" ">
    <subfield code="a">616.5 D-45</subfield>
  </datafield>
  <datafield tag="245" ind1=" " ind2=" ">
    <subfield code="a">Dermatology: </subfield>
    <subfield code="b">One Volume /</subfield>
    <subfield code="c">Jean L. Bolognia, Joseph L. Jorizzo, Ronald P. Rapini, Julie V. Schaffer.</subfield>
  </datafield>
  <datafield tag="264" ind1=" " ind2=" ">
    <subfield code="a">New York :</subfield>
    <subfield code="b">&#x200E;Mosby, </subfield>
    <subfield code="c">2008. </subfield>
  </datafield>
  <datafield tag="300" ind1=" " ind2=" ">
    <subfield code="a">1319 p. :</subfield>
    <subfield code="b">ill.;</subfield>
    <subfield code="c">29 cm.</subfield>
  </datafield>
  <datafield tag="653" ind1=" " ind2=" ">
    <subfield code="a">&#x10D3;&#x10D4;&#x10E0;&#x10DB;&#x10D0;&#x10E2;&#x10DD;&#x10DA;&#x10DD;&#x10D2;&#x10D8;&#x10D0;</subfield>
  </datafield>
  <datafield tag="653" ind1=" " ind2=" ">
    <subfield code="a">&#x10DB;&#x10D4;&#x10D3;&#x10D8;&#x10EA;&#x10D8;&#x10DC;&#x10D0;</subfield>
  </datafield>
  <datafield tag="700" ind1=" " ind2=" ">
    <subfield code="a">Bolognia,  Jean L.</subfield>
    <subfield code="e">&#x10E0;&#x10D4;&#x10D3;&#x10D0;&#x10E5;&#x10E2;&#x10DD;&#x10E0;&#x10D8;</subfield>
    <subfield code="9">21792</subfield>
  </datafield>
  <datafield tag="700" ind1=" " ind2=" ">
    <subfield code="a">Jorizzo,  Joseph L. </subfield>
    <subfield code="e">&#x10E0;&#x10D4;&#x10D3;&#x10D0;&#x10E5;&#x10E2;&#x10DD;&#x10E0;&#x10D8;</subfield>
    <subfield code="9">21793</subfield>
  </datafield>
  <datafield tag="700" ind1=" " ind2=" ">
    <subfield code="a">Rapini, Ronald P.</subfield>
    <subfield code="e">&#x10E0;&#x10D4;&#x10D3;&#x10D0;&#x10E5;&#x10E2;&#x10DD;&#x10E0;&#x10D8;</subfield>
    <subfield code="9">21794</subfield>
  </datafield>
  <datafield tag="700" ind1=" " ind2=" ">
    <subfield code="a">Schaffer, Julie V. </subfield>
    <subfield code="e">&#x10E0;&#x10D4;&#x10D3;&#x10D0;&#x10E5;&#x10E2;&#x10DD;&#x10E0;&#x10D8;</subfield>
    <subfield code="9">21795</subfield>
  </datafield>
  <datafield tag="942" ind1=" " ind2=" ">
    <subfield code="2">udc</subfield>
    <subfield code="c">BK</subfield>
  </datafield>
  <datafield tag="952" ind1=" " ind2=" ">
    <subfield code="0">0</subfield>
    <subfield code="1">0</subfield>
    <subfield code="2">udc</subfield>
    <subfield code="4">0</subfield>
    <subfield code="6">6165_D45</subfield>
    <subfield code="7">0</subfield>
    <subfield code="9">98662</subfield>
    <subfield code="a">CPL</subfield>
    <subfield code="b">CPL</subfield>
    <subfield code="c">GEN</subfield>
    <subfield code="d">2024-04-15</subfield>
    <subfield code="g">483.00</subfield>
    <subfield code="o">616.5 D-45</subfield>
    <subfield code="p">67830</subfield>
    <subfield code="r">2024-04-15</subfield>
    <subfield code="t">67830</subfield>
    <subfield code="w">2024-04-15</subfield>
    <subfield code="y">BK</subfield>
    <subfield code="z">483</subfield>
  </datafield>
</record>
